[Event "EU-ch (Women) 25th"]
[Site "Rhodes"]
[Date "2025.04.11"]
[Round "11"]
[White "Korinioti, Mirto"]
[Black "Kaka, Rengina Tsampika"]
[Result "1-0"]
[WhiteElo "1667"]
[BlackElo "1500"]
[PlyCount "121"]
[EventDate "2025.03.31"]
[EventType "swiss"]
[EventRounds "11"]
[EventCountry "GRE"]
[SourceTitle "CB16_2025"]
[SourceDate "2025.04.16"]
[SourceVersion "1"]
[SourceVersionDate "2025.04.16"]
[SourceQuality "1"]

1. e4 d5 2. exd5 Qxd5 3. Nc3 Qa5 4. d4 Nf6 5. Bc4 Bf5 6. Bd2 c6 7. Nf3 e6 8. Qe2 Bd6 9. 0-0-0 0-0 10. Nd5 Qd8 11. Nxf6+ Qxf6 12. Bg5 Qg6 13. Rdg1 Bg4 14. Qe3 h6 15. Bf4 Bxf4 16. Qxf4 Bf5 17. Ne5 Qg5 18. Qxg5 hxg5 19. c3 Rd8 20. h4 g4 21. Be2 Nd7 22. Nxg4 Bxg4 23. Bxg4 Kf8 24. h5 Ke7 25. Re1 Nf6 26. Bf3 Rac8 27. Re5 Kd7 28. Rg5 Rg8 29. Rh3 Nh7 30. Re5 Kc7 31. Rg3 b5 32. Be4 Ng5 33. Rexg5 f5 34. Rxg7+ Rxg7 35. Rxg7+ Kb6 36. Bf3 Re8 37. Rg6 Ka5 38. h6 a6 39. h7 Rh8 40. Rxe6 Rxh7 41. Rxc6 Rh1+ 42. Kc2 b4 43. d5 bxc3 44. Rxc3 Rh6 45. Rc6 Rh8 46. d6 Rd8 47. Kc3 Kb5 48. Kd4 f4 49. Ke5 Rf8 50. d7 a5 51. Rc8 Rxc8 52. dxc8Q a4 53. Qc6+ Kb4 54. a3+ Ka5 55. Qc3+ Kb6 56. Qb4+ Kc7 57. Qxa4 Kb6 58. b4 Kc7 59. b5 Kc8 60. Kd6 Kb8 61. Qa8# 1-0

[Event "EU-ch (Women) 25th"]
[Site "Rhodes"]
[Date "2025.04.02"]
[Round "3"]
[White "Caku, Kler"]
[Black "Kaka, Rengina Tsampika"]
[Result "1-0"]
[WhiteElo "2036"]
[BlackElo "1500"]
[PlyCount "115"]
[EventDate "2025.03.31"]
[EventType "swiss"]
[EventRounds "11"]
[EventCountry "GRE"]
[SourceTitle "CB16_2025"]
[SourceDate "2025.04.16"]
[SourceVersion "1"]
[SourceVersionDate "2025.04.16"]
[SourceQuality "1"]

1. e4 d5 2. exd5 Qxd5 3. Nc3 Qa5 4. Bc4 Nf6 5. d3 h6 6. h3 Bf5 7. Nf3 e6 8. Bd2 c6 9. Nd5 Qd8 10. Nxf6+ Qxf6 11. Bc3 Qd8 12. Qe2 Qe7 13. 0-0 b5 14. Bb3 b4 15. Bd4 a5 16. Ba4 Ra6 17. Be5 Nd7 18. d4 Rb6 19. Bc7 Rb7 20. Bg3 Rb6 21. Rfe1 g5 22. Bc7 Rb7 23. Be5 f6 24. Bxc6 fxe5 25. Bxb7 Bg7 26. Bc6 0-0 27. Bxd7 Qxd7 28. Nxe5 Qxd4 29. c3 bxc3 30. bxc3 Qxc3 31. Rac1 Qd4 32. Nc6 Qf6 33. g4 Kh8 34. gxf5 Qxf5 35. Qf1 h5 36. Qg2 Bh6 37. Nd4 Qd5 38. Nxe6 Qxg2+ 39. Kxg2 Rf7 40. Rc8+ Kh7 41. Rc7 Rxc7 42. Nxc7 Kg6 43. Re6+ Kg7 44. a4 h4 45. Ne8+ Kh7 46. Rxh6+ Kxh6 47. Nd6 Kg6 48. Nc4 Kf5 49. Nxa5 Kf4 50. Nc4 g4 51. a5 gxh3+ 52. Kxh3 Kf3 53. a6 Kxf2 54. a7 Ke2 55. a8Q Kd3 56. Qd5+ Ke2 57. Qd2+ Kf3 58. Qe3# 1-0

[Event "Wch Amateurs U1700 (Women)"]
[Site "Rhodes"]
[Date "2024.11.03"]
[Round "8"]
[White "Kaka, Rengina Tsampika"]
[Black "Petergova, Stella"]
[Result "1/2-1/2"]
[WhiteElo "1508"]
[BlackElo "1588"]
[PlyCount "57"]
[EventDate "2024.10.27"]
[EventType "swiss"]
[EventRounds "9"]
[EventCountry "GRE"]
[SourceTitle "CB45_2024"]
[Source "ChessBase"]
[SourceDate "2024.11.06"]
[SourceVersion "1"]
[SourceVersionDate "2024.11.06"]
[SourceQuality "1"]

1. d4 d5 2. Bf4 Nf6 3. e3 e6 4. Nf3 c5 5. c3 Nc6 6. Nbd2 Bd6 7. Bg3 0-0 8. Bd3 b6 9. 0-0 Bb7 10. Re1 Re8 11. Ne5 Qc7 12. Ndf3 Rf8 13. Rc1 Ne4 14. Nxc6 Qxc6 15. Bxd6 Nxd6 16. Qc2 f5 17. Ne5 Qe8 18. c4 Rc8 19. Qb3 Nf7 20. Rc2 Nxe5 21. dxe5 Qe7 22. Rd1 Rfd8 23. Rcd2 d4 24. Be2 dxe3 25. Qxe3 Bc6 26. Qa3 Rxd2 27. Rxd2 Rc7 28. Rd6 Be8 29. Qd3 1/2-1/2

[Event "GRE-chT 51st"]
[Site "Trikala"]
[Date "2024.07.09"]
[Round "6.6"]
[White "Kosma, Maria"]
[Black "Kaka, Rengina Tsampika"]
[Result "1-0"]
[WhiteElo "1867"]
[BlackElo "1606"]
[PlyCount "63"]
[EventDate "2024.07.04"]
[EventType "team-swiss"]
[EventRounds "7"]
[EventCountry "GRE"]
[SourceTitle "CBM 221 Extra"]
[Source "ChessBase"]
[SourceDate "2024.09.30"]
[SourceVersion "1"]
[SourceVersionDate "2024.09.30"]
[SourceQuality "1"]
[WhiteTeam "Eaao Fysiolatris Nikias"]
[BlackTeam "Ippotis Rodi"]
[WhiteTeamCountry "GRE"]
[BlackTeamCountry "GRE"]

1. e4 d5 2. exd5 Qxd5 3. Nc3 Qa5 4. d4 Nf6 5. Bd2 c6 6. Nf3 Bf5 7. Bc4 e6 8. Ne2 Qc7 9. Ng3 Bg6 10. c3 h6 11. Qe2 Bd6 12. Ne5 Bh7 13. Nh5 Nxh5 14. Qxh5 0-0 15. 0-0-0 a5 16. Rde1 b5 17. Bd3 Bxd3 18. Nxd3 b4 19. c4 Qb7 20. Re4 Nd7 21. Bxh6 g6 22. Qh3 Rfe8 23. Bg5 Be7 24. Bxe7 Rxe7 25. Qh6 Nf6 26. Rh4 Nh5 27. g4 c5 28. Rd1 Qa6 29. Ne5 cxd4 30. gxh5 gxh5 31. Rxh5 f5 32. Qh8# 1-0

[Event "GRE-chT 51st"]
[Site "Trikala"]
[Date "2024.07.05"]
[Round "2.6"]
[White "Kaka, Rengina Tsampika"]
[Black "Apostolakaki, Evangelia"]
[Result "0-1"]
[WhiteElo "1606"]
[BlackElo "1831"]
[PlyCount "72"]
[EventDate "2024.07.04"]
[EventType "team-swiss"]
[EventRounds "7"]
[EventCountry "GRE"]
[SourceTitle "CBM 221 Extra"]
[Source "ChessBase"]
[SourceDate "2024.09.30"]
[SourceVersion "1"]
[SourceVersionDate "2024.09.30"]
[SourceQuality "1"]
[WhiteTeam "Ippotis Rodi"]
[BlackTeam "Kavalas"]
[WhiteTeamCountry "GRE"]
[BlackTeamCountry "GRE"]

1. d4 Nf6 2. Bf4 d5 3. e3 c5 4. Nf3 Nc6 5. Nbd2 e6 6. c3 cxd4 7. exd4 Nh5 8. Bg3 Nxg3 9. hxg3 Bd6 10. Bd3 h6 11. Qc2 Bd7 12. 0-0 Rc8 13. c4 Nb4 14. Qb3 Nxd3 15. Qxd3 dxc4 16. Nxc4 Be7 17. Nce5 Bc6 18. Nxc6 Rxc6 19. Ne5 Rb6 20. b3 0-0 21. Rac1 Bf6 22. Rfd1 Rd6 23. Qc3 Bxe5 24. Qf3 Bxd4 25. Re1 Qb6 26. Re4 e5 27. Rf1 Rc8 28. Re2 Rc3 29. Qe4 Rxg3 30. Kh2 Rg5 31. Qf3 Rf6 32. Qd3 Qd6 33. Qc2 e4+ 34. g3 Bxf2 35. Rfxf2 Qxg3+ 36. Kh1 Qg1# 0-1